书目信息 |
| 题名: |
韩非子
|
|
| 作者: | 甑妮吉 选编 | |
| 分册: | ||
| 出版信息: | 天津 天津人民出版社 2017 |
|
| 页数: | 394页 | |
| 开本: | 24cm | |
| 丛书名: | ||
| 单 册: | ||
| 中图分类: | B226.54 | |
| 科图分类: | ||
| 主题词: | 法家 | |
| 电子资源: | ||
| ISBN: | 978-7-201-12045-4 | |
| 000 | 00759nam0 2200241 450 | |
| 001 | 2365994637 | |
| 005 | 20231209214551.06 | |
| 010 | @a978-7-201-12045-4@dCNY49.80 | |
| 100 | @a20181129d2017 em y0chiy50 ea | |
| 101 | 0 | @achi |
| 102 | @aCN@b120000 | |
| 105 | @ay z 000yy | |
| 200 | 1 | @a韩非子@Ahan fei zi@f甑妮吉选编 |
| 210 | @a天津@c天津人民出版社@d2017 | |
| 215 | @a394页@d24cm | |
| 300 | @a国学精粹 | |
| 330 | @a本书阐明了“法、术、势”的法治理论,反映了战国时期政治、经济、思想文化等各方面许多重要情况,全面总结了春秋战国时期新兴地主与奴隶主贵族激烈斗争的历史经验。 | |
| 605 | @a《韩非子》@x译文 | |
| 606 | 0 | @a法家 |
| 690 | @aB226.54@v5 | |
| 701 | 0 | @a甑妮吉@Azeng ni ji@4选编 |
| 801 | 0 | @aCN@b91MARC@c20181129 |
| 905 | @aZUCC@dB226.54@e8 | |
| 韩非子/甑妮吉选编.-天津:天津人民出版社,2017 |
| 394页;24cm |
| 国学精粹 |
| ISBN 978-7-201-12045-4:CNY49.80 |
| 本书阐明了“法、术、势”的法治理论,反映了战国时期政治、经济、思想文化等各方面许多重要情况,全面总结了春秋战国时期新兴地主与奴隶主贵族激烈斗争的历史经验。 |
| ● |
| 相关链接 |
|
|
|
正题名:韩非子
索取号:B226.54/8
 
预约/预借
| 序号 | 登录号 | 条形码 | 馆藏地/架位号 | 状态 | 备注 |
| 1 | 2001036663 | 2001036663 | 第四书库/四1架B面4层2列/ [索取号:B226.54/8] | 在馆 | |
| 2 | 2001036664 | 2001036664 | 第四书库/四1架B面4层2列/ [索取号:B226.54/8] | 在馆 | |
| 3 | 2001036665 | 2001036665 | 第四书库/四1架B面4层2列/ [索取号:B226.54/8] | 在馆 | |
| 4 | 2001036666 | 2001036666 | 第四书库/四1架B面4层2列/ [索取号:B226.54/8] | 在馆 | |
| 5 | 2001036667 | 2001036667 | 第四书库/四1架B面4层2列/ [索取号:B226.54/8] | 在馆 | |
| 6 | 2001036668 | 2001036668 | 第四书库/四1架B面4层2列/ [索取号:B226.54/8] | 在馆 |